| 000 | 00430nam a2200121Ia 4500 | ||
|---|---|---|---|
| 008 | 160712s9999 xx 000 0 und d | ||
| 100 | _aDe Vera, Ian Jester M. | ||
| 245 |
_cIan Jester M. de Vera _aBusiness Ideas That Aspiring Entrepreneurs Are Conceiving |
||
| 260 |
_c2013 _bPhilippine Journal on Innovation & Entrepreneurship |
||
| 300 | _avol. 1 no. 1 | ||
| 650 | _xENTREPRENEURSHIP | ||
| 856 | _uhttp://issi.upd.edu.ph/PJIE.pdf | ||
| 999 |
_c297273 _d297273 |
||